| 000 | 00446nam a2200181Ia 4500 | ||
|---|---|---|---|
| 001 | 16023 | ||
| 005 | 20260306170239.0 | ||
| 008 | 260306t2017||||xx |||||||||||||| ||und|| | ||
| 041 | _aESP | ||
| 082 |
_a346.52 _bP65 T. 1 |
||
| 100 |
_aPizarro, Ramón Daniel, _eAUT |
||
| 245 | 0 | _aTratado de responsabilidad civil | |
| 260 | _c2017 | ||
| 300 |
_axliii, 873 páginas : _c23 cm. |
||
| 650 | _aGEN | ||
| 654 | _aCDE | ||
| 942 |
_cLIB _dJUS _fJUS _2ddc _n |
||
| 999 |
_c16023 _d16023 |
||